01030naa#a2200205#i#4500001001600000005001700016011001400033100004100047101000800088102000700096200017300103210011400276215001000390608004500400675019700445700005600642700005200698700006000750856001400810RU\\bibl\12029920260516212020.6##a2782-490X##a20260403b2026####ek#y0rusy0150####ca0#aRUS##aRU1#aПРИМЕНЕНИЕ ОТЕЧЕСТВЕННЫХ БИОСТИМУЛЯТОРОВ В ОТКОРМЕ ГОЛШТИНСКИХ БЫЧКОВeЖурнальная статья1#aКазаньcКазанский государственный аграрный университетd2026##a5 с.##aЖурнальная статья2local##aКрупные жвачные животные. Крупный рогатый скот. 636.2aСтимуляторы. Кормовые добавки и дополнители. 636.087.7zRUS#1aЕгороваgЕлена Владимировна#1aСимурзинаgЕлена Павловна#1aСеменовgВладимир Григорьевич4#azh-szf.ru